| 000 | 00000nas 2200000za 4500 |
| 001 | 9.864418 |
| 003 | CaOODSP |
| 005 | 20250403110142 |
| 007 | cr ||||||||||| |
| 008 | 181107d19701982oncar p oss f000#b0fre|d |
| 022 | # |y0318-7128 |
| 040 | |aCaOODSP|bfre |
| 041 | |aeng|afre |
| 043 | |an-cn--- |
| 086 | 1 |aCS35-204-PDF |
| 245 | 00|aSawmills and planing mills and shingle mills |h[ressource électronique] = |bScieries et ateliers de rabotage et usines de bardeaux. |
| 246 | 11|aScieries et ateliers de rabotage et usines de bardeaux |
| 260 | |aOttawa : |bStatistics Canada, Manufacturing and Primary Industries Division = Statistique Canada, Division des industries manufacturières et primaires, |c1972-1984. |
| 300 | |a13 v. |
| 310 | |aAnnuel |
| 362 | 0 |a1970-1982. |
| 490 | 0 |aAnnual census of manufactures = Recensement annuel des manufactures |
| 500 | |aÉdition numérisée de l’imprimé [par Statistique Canada] |
| 546 | |aTexte en anglais et en français. |
| 550 | |aPubl. 1979-1982 par la Section des machines, du bois et des produits en métal. |
| 580 | |aFait suite à : Sawmills and planing mills. |
| 580 | |aSuivi de : Sawmill, planing mill and shingle mill products industries. |
| 692 | 07|2gccst|aIndustrie du bois d'oeuvre |
| 710 | 1 |aCanada. |bStatistique Canada. |bSection des machines, du bois et des produits en métal. |
| 710 | 1 |aCanada. |bStatistique Canada. |bDivision des industries manufacturières et primaires. |
| 710 | 2 |aStatistique Canada. |
| 780 | 00|tSawmills and planing mills |w(CaOODSP)9.864407 |
| 785 | 00|tSawmill, planing mill and shingle mill products industries |w(CaOODSP)9.864426 |
| 791 | |tSawmills and planing mills and shingle mills |eeng|w(CaOODSP)9.864415 |